Commerce Ready Reckoner: (Record no. 189394)

MARC details
000 -LEADER
fixed length control field 00589nam a22001697a 4500
005 - DATE AND TIME OF LATEST TRANSACTION
control field 20220629115720.0
010 ## - LCCN (DPL NO)
LC control number ENG-133403
020 ## - INTERNATIONAL STANDARD BOOK NUMBER
International Standard Book Number 97893896558774
Terms of availability 850.00
035 ## - SYSTEM CONTROL NUMBER
System control number EN-116935
037 ## - SOURCE OF ACQUISITION
Source of stock number/acquisition DBAD/PUB
082 ## - DEWEY DECIMAL CLASSIFICATION NUMBER
Classification number 381
245 ## - TITLE STATEMENT
Title Commerce Ready Reckoner:
Remainder of title (In Honour of The Members of Autonomous Review Committee)/
260 ## - PUBLICATION, DISTRIBUTION, ETC. (IMPRINT)
Place of publication, distribution, etc Tamil Nadu
Name of publisher, distributor, etc Shanlax Publications
Date of publication, distribution, etc 2020
270 ## - ADDRESS
Address 61, 66 T.P.K . Main Road Vasantha nagar
City Madurai
Postal code 625003
Telephone number 04524208765
Electronic mail address publisher@shanlaxpublications.com
300 ## - PHYSICAL DESCRIPTION
Extent 197p.
Dimensions 24cm(pbk)
942 ## - ADDED ENTRY ELEMENTS (KOHA)
Source of classification or shelving scheme Dewey Decimal Classification
Item type English Books
Classification part 381
Call number suffix COM
Holdings
Withdrawn status Lost status Not for loan Collection code Home library Current library Date acquired Source of acquisition Cost, normal purchase price Full call number Barcode Copy number Cost, replacement price Koha item type
      Non-fiction Ashok Vihar Ashok Vihar 28/06/2022 DBAD/PUB 850.00 381 COM EN-116935 1 850.00 English Books

© Delhi Public Library
Hit Counter
free hit counter